Top 5 Most Populous Cities of Each Country in Africa - Statistics

General Stats
  • This quiz has been taken 75 times
    8 since last reset
  • The average score is 66 of 270
Answers on the Map
Answers color-coded by a green-red scale on the quiz's map according to % correct below.
 
Answer Stats
Country Population City % Correct
Morocco 3,218,036 Casablanca
100%
Morocco 1,182,936 Fes
100%
Morocco 1,014,813 Marrakesh
100%
Ivory Coast 4,395,243 Abidjan
88%
Nigeria* 2,690,000 Abuja
88%
Ghana 2,070,463 Accra
88%
Ethiopia 3,860,000 Addis Ababa
88%
Egypt 5,362,517 Alexandria
88%
Algeria 2,364,230 Algiers
88%
Mali** 4,227,569 Bamako
88%
Egypt 9,801,536 Cairo
88%
South Africa* 3,430,992 Cape Town
88%
Tanzania 5,383,728 Dar es Salaam
88%
Djibouti 767,250 Djibouti
88%
Zimbabwe 1,491,754 Harare
88%
South Africa* 7,860,781 Johannesburg
88%
Uganda 1,797,722 Kampala
88%
Nigeria* 4,910,000 Kano
88%
Sudan 1,410,858 Khartoum
88%
Sudan 1,012,211 Khartoum North
88%
Congo, D.R. 7,273,947 Kinshasa
88%
Nigeria* 15,070,000 Lagos
88%
Angola 6,759,313 Luanda
88%
Somalia 1,650,227 Mogadishu
88%
Kenya 1,208,333 Mombasa
88%
Kenya 4,397,073 Nairobi
88%
South Africa* 1,763,336 Pretoria
88%
São Tomé and Príncipe* 66,888 São Tomé
88%
Tunisia 599,368 Tunis
88%
Cameroon 1,817,524 Yaoundé
88%
Madagascar 1,274,225 Antananarivo
75%
Libya 618,325 Benghazi
75%
Guinea-Bissau 387,909 Bissau
75%
Congo, R. 2,138,236 Brazzaville
75%
Senegal 3,186,088 Dakar
75%
South Africa* 2,786,046 Durban
75%
Botswana 246,325 Gaborone
75%
South Africa* 876,436 Gqeberha
75%
Zambia 2,212,301 Lusaka
75%
Mozambique 1,080,277 Maputo
75%
Liberia 1,021,762 Monrovia
75%
Chad 951,418 N'Djamena
75%
Nigeria* 2,120,000 Port Harcourt
75%
Cape Verde 141,219 Praia
75%
Morocco 1,275,428 Tangier
75%
Libya 1,063,571 Tripoli
75%
Seychelles 29,664 Victoria
75%
Namibia 486,186 Windhoek
75%
Central African Republic 812,407 Bangui
63%
Guinea 3,407,327 Conakry
63%
Tanzania 765,179 Dodoma
63%
Cameroon 1,906,962 Douala
63%
Sierra Leone 609,174 Freetown
63%
Nigeria* 3,190,000 Ibadan
63%
South Sudan 230,195 Juba
63%
Rwanda 859,332 Kigali
63%
Ghana 2,035,064 Kumasi
63%
Gabon 703,940 Libreville
63%
Malawi 989,318 Lilongwe
63%
Eswatini 60,691 Mbabane
63%
Comoros 74,749 Moroni
63%
Niger 978,029 Niamey
63%
Mauritania** 1,446,761 Nouakchott
63%
Burkina Faso 2,415,266 Ouagadougou
63%
Tanzania 709,809 Zanzibar
63%
Eritrea 380,568 Asmara
50%
Sierra Leone 223,075 Bo
50%
Benin 679,012 Cotonou
50%
Burundi 41,944 Gitega
50%
Egypt 4,458,135 Giza
50%
Togo 2,188,376 Lomé
50%
Congo, D.R. 1,283,380 Lubumbashi
50%
Lesotho 343,541 Maseru
50%
Congo, D.R. 1,213,726 Mbuji-Mayi
50%
Mauritius 140,403 Port Louis
50%
Benin 264,320 Porto-Novo
50%
Egypt 791,749 Port Said
50%
Sudan 394,561 Port Sudan
50%
Tunisia 250,540 Sousse
50%
Ivory Coast 212,670 Yamoussoukro
50%
Burundi 497,166 Bujumbura
38%
Somalia 741,000 Hargeisa
38%
Equatorial Guinea 132,440 Malabo
38%
Algeria 803,329 Oran
38%
Congo, R. 1,398,812 Pointe-Noire
38%
Tunisia 286,636 Sfax
38%
Senegal 1,120,824 Touba
38%
Tanzania 617,631 Arusha
25%
Angola 555,124 Benguela
25%
Algeria 448,028 Constantine
25%
Botswana 103,417 Francistown
25%
Congo, D.R. 682,599 Kisangani
25%
Tanzania 1,104,521 Mwanza
25%
Sudan 492,984 Nyala
25%
Namibia 102,704 Walvis Bay
25%
Somalia 374,000 Berbera
13%
Central African Republic 348,802 Bimbo
13%
Malawi 800,264 Blantyre
13%
Angola 550,000 Cabinda
13%
Kenya 475,716 Eldoret
13%
Cape Verde 22,549 Espargos
13%
Ethiopia 466,000 Gondar
13%
Angola 595,304 Huambo
13%
Mauritania** 57,672 Kaedi
13%
Congo, D.R. 720,362 Kananga
13%
Togo 158,090 Kara
13%
Equatorial Guinea 9,011 Luba
13%
Angola 600,751 Lubango
13%
Botswana 85,350 Maun
13%
Cape Verde 70,732 Mindelo
13%
Kenya 570,674 Nakuru
13%
Mauritania** 173,525 Nouadhibou
13%
Sudan 1,849,659 Omdurman
13%
Namibia 118,632 Rundu
13%
Morocco 945,101 Salé
13%
Togo 115,442 Sokodé
13%
Namibia 75,921 Swakopmund
13%
Senegal 391,253 Thiès
13%
South Sudan 118,331 Wau
13%
Mauritania** 62,380 Zouerate
13%
Chad 97,963 Abéché
0%
Benin 117,824 Abomey-Calavi
0%
Equatorial Guinea 8,795 Aconibe
0%
Ethiopia 456,900 Adama
0%
Eritrea 35,673 Afabet
0%
Niger 110,497 Agadez
0%
Djibouti 45,092 Ali Sabieh
0%
São Tomé and Príncipe* 3,923 Almas
0%
Algeria 342,703 Annaba
0%
Seychelles 6,555 Anse Étoile
0%
Madagascar 246,354 Antsirabe
0%
Uganda 384,656 Arua
0%
Eritrea 44,220 Assab
0%
Cape Verde 10,222 Assomada
0%
Togo 98,193 Atakpamé
0%
Seychelles 5,974 Au Cap
0%
Guinea-Bissau 29,556 Bafatá
0%
Cameroon 239,287 Bafoussam
0%
Cameroon 269,530 Bamenda
0%
Equatorial Guinea 132,235 Bata
0%
Mauritius 92,149 Beau Bassin-Rose Hill
0%
Central African Republic 264,067 Bégoua
0%
Mozambique 592,090 Beira
0%
Central African Republic 103,713 Berbérati
0%
Eswatini 6,433 Big Bend
0%
Guinea-Bissau 9,898 Bissorã
0%
Tunisia 154,300 Bizerte
0%
Algeria 331,779 Blida
0%
Burkina Faso 904,920 Bobo-Dioulasso
0%
Ivory Coast 536,719 Bouaké
0%
Gambia 81,007 Brikama
0%
Liberia 50,245 Buchanan
0%
Zimbabwe 665,952 Bulawayo
0%
Gambia 55,360 Bundung
0%
Rwanda 50,220 Butare
0%
Guinea-Bissau 12,044 Canchungo
0%
Central African Republic 129,032 Carnot
0%
Seychelles 7,263 Cascade
0%
Mozambique 363,336 Chimoio
0%
Zimbabwe 371,246 Chitungwiza
0%
Burundi 23,885 Cibitoke
0%
Mauritius 70,008 Curepipe
0%
Ivory Coast 245,360 Daloa
0%
Togo 117,675 Dapaong
0%
Djibouti 27,722 Dikhil
0%
Djibouti 19,527 Tadjourah
0%
Congo, R. 178,172 Dolisie
0%
Comoros 12,262 Domoni
0%
Equatorial Guinea 19,515 Ebebiyin
0%
Zimbabwe 206,368 Epworth
0%
Gambia 38,121 Faji Kunda
0%
Madagascar 191,776 Fianarantsoa
0%
Comoros 17,291 Fomboni
0%
Gabon 110,568 Franceville
0%
Guinea-Bissau 43,556 Gabú
0%
Liberia 42,077 Ganta
0%
Cameroon 235,996 Garoua
0%
Liberia 56,986 Gbarnga
0%
Rwanda 149,209 Gisenyi
0%
Rwanda 49,038 Gitarama
0%
Benin 253,262 Godomey
0%
Ethiopia 422,200 Hawassa
0%
Lesotho 41,986 Hlotse
0%
Zambia 288,598 Kabwe
0%
Tunisia 153,900 Kairouan
0%
Liberia 34,608 Kakata
0%
Guinea 410,542 Kankan
0%
Senegal 298,904 Kaolack
0%
Malawi 61,609 Karonga
0%
Mali** 194,716 Kayes
0%
Chad 57,859 Kélo
0%
Sierra Leone 255,110 Kenema
0%
Eritrea 55,586 Keren
0%
Mauritania** 71,680 Kiffa
0%
Guinea 220,000 Kindia
0%
Uganda 459,827 Kira
0%
Somalia 358,000 Kismayo
0%
Zambia 665,961 Kitwe
0%
Sierra Leone 196,418 Koidu
0%
Ivory Coast 243,048 Korhogo
0%
Burkina Faso 160,239 Koudougou
0%
Mali** 218,031 Koutiala
0%
Lesotho 43,247 Mafeteng
0%
Madagascar 246,022 Mahajanga
0%
Sierra Leone 85,116 Makeni
0%
Uganda 439,605 Makindye Ssbagabo
0%
South Sudan 114,528 Malakal
0%
Eswatini 30,248 Manzini
0%
Lesotho 59,126 Maputsoe
0%
Niger 267,249 Maradi
0%
Mozambique 1,032,197 Matola
0%
Eswatini 7,571 Matsapha
0%
Ethiopia 457,900 Mekele
0%
Somalia 499,000 Merca
0%
Libya 290,316 Misrata
0%
Eritrea 27,179 Mitsiwa
0%
Botswana 88,004 Mogoditshane
0%
Lesotho 44,494 Mohale's Hoek
0%
Botswana 74,861 Molepolole
0%
Chad 137,251 Moundou
0%
Zimbabwe 224,804 Mutare
0%
Comoros 26,313 Mutsamudu
0%
Malawi 221,272 Mzuzu
0%
Mozambique 663,212 Nampula
0%
Uganda 692,478 Nansana
0%
Zambia 627,503 Ndola
0%
São Tomé and Príncipe* 8,391 Neves
0%
Burundi 39,884 Ngozi
0%
Eswatini 10,456 Nhlangano
0%
Congo, R. 104,083 Nkayi
0%
Guinea 316,065 Nzerekore
0%
Djibouti 29,954 Obock
0%
Namibia 58,656 Oshakati
0%
Burkina Faso 124,587 Ouahigouya
0%
Congo, R. 75,095 Ouesso
0%
Gabon 79,300 Owendo
0%
Gabon 60,685 Oyem
0%
Benin 255,478 Parakou
0%
Cape Verde 10,201 Pedra Badejo
0%
Seychelles 6,209 Perseverence
0%
Gabon 136,462 Port-Gentil
0%
Mauritius 71,076 Quatre Bornes
0%
Senegal 295,459 Rufisque
0%
Rwanda 68,930 Ruhengeri
0%
Kenya 490,120 Ruiru
0%
Burundi 35,931 Rumonge
0%
Burkina Faso 136,011 Saaba
0%
São Tomé and Príncipe* 7,445 Santana
0%
Chad 97,224 Sarh
0%
Mali** 205,787 Ségou
0%
Ghana 228,342 Sekondi
0%
Egypt 1,275,700 Shubra el-Kheima
0%
Guinea 303,000 Siguiri
0%
Mali** 349,324 Sikasso
0%
Zambia 301,370 Solwezi
0%
Gambia 47,048 Sukuta
0%
Niger 117,826 Tahoua
0%
Ghana 311,206 Takoradi
0%
Gambia 40,562 Talinding
0%
Ghana 371,351 Tamale
0%
Madagascar 325,857 Toamasina
0%
São Tomé and Príncipe* 6,685 Trindade
0%
Comoros 12,590 Tsémbéhou
0%
Mauritius 107,433 Vacoas-Phoenix
0%
South Sudan 105,881 Yambio
0%
South Sudan 69,720 Yei
0%
Libya 141,653 Zawiya
0%
Niger 235,605 Zinder
0%
Libya 166,350 Zlitan
0%
Malawi 105,013 Zomba
0%
No matching quizzes found
Score Distribution
Percent of People with Each Score
Percentile by Number Answered
Your Score History
You have not taken this quiz since the last reset